| 000 | 00829nam a22001815i 4500 | ||
|---|---|---|---|
| 001 | 166689 | ||
| 003 | ES-MaACL | ||
| 005 | 20250814065129.0 | ||
| 008 | 050919s1847 sp | |||||||| ||spa d | ||
| 040 |
_aCAM _bspa _cCAM |
||
| 100 | 1 |
_aTrupita, Juan Bautista. _9133401 |
|
| 245 | 1 | 0 |
_aNotas estadísticas sobre la estensión [sic] territorial, población y situación financiera, política, económica, administrativa, marítima y militar de las principales naciones de Europa y América / _cpor Juan Bautista Trupita. |
| 260 |
_aMadrid : _b[s.n.], _c1847 ( _fImprenta y establecimiento de grabado de González) |
||
| 300 |
_a56 p. ; _c20 cm. |
||
| 650 | 7 |
_aGeografía económica _2embne _913077 |
|
| 852 |
_aES-MaACL _jT-31-F-4 _z-- Enc. hol., falto de la cub. original _z-- Enc. en un vol. facticio |
||
| 999 |
_c166689 _d166689 |
||